000 nam a22 7a 4500
999 _c7172
_d7172
008 170725b xxu||||| |||| 00| 0 eng d
100 _93748
_aArora Sumita
245 _aFoundatiuonm of information technology
260 _aNew Delhi
_bDhanapat Rai & co
_c2013